000 00625nam a2200241Ia 4500
003 OSt
005 20221005032031.0
006 a|||||r|||| 00| 0
007 ta
008 221004b |||||||| |||| 00| 0 tam d
024 _a64051
037 _cTextual
040 _aCRL
_cCRL
_btam
041 _2tam
_atam
082 _aO31,3N201,16, J9
100 _aArvi Au.
_9584043
245 0 _aIba Manam
260 _aChennai
_bVaanathi pathippagam India
_c1959
300 _a166p.
_ccm.
650 _aTAMIL LITERATURE
942 _hO31,3N201,16, J9
_cTEXL
_2cc
999 _c938994
_d938994